000 00550nam a22002057a 4500
003 OSt
005 20140310181942.0
008 130724t xxu||||| |||| 00| 0 eng d
020 _a0812563115
050 _aPR 4560
_b.D548 1998
082 _aCLA
_bD55g 1998
100 _aDickens, Charles
_93381
245 _aGreat expectations /
_cCharles Dickens.
260 _aNew York :
_bTom Doherty Associates Book,
_cc1998.
300 _a528 p. :
_c18 cm.
541 _j1
562 _e1
650 _aFortune.
_93673
942 _2lcc
_cBBK
_kCLA
999 _c7700
_d7700